| 000 | 01783nam0a2200337 4500 | ||
|---|---|---|---|
| 001 | RU\NLR\bibl\473474 | ||
| 005 | 20260405114051.0 | ||
| 010 |
_a5-9273-0411-7 _91000 |
||
| 021 |
_aRU _b2004-6074 _9313 |
||
| 035 | _a(NLR Aleph) 000466561 | ||
| 090 |
_a967019 _c967019 |
||
| 100 | _a20031218d2003 |||y0rusy50 ca | ||
| 101 | 0 | _arus | |
| 102 | _aRU | ||
| 105 | _aa ||||||||| | ||
| 200 | 1 |
_aОсновы статистического анализа в медицине _eУчеб. пособие _eДля студентов мед. вузов _fЧернов В.И., Есауленко И.Э., Семенов С.Н., Сереженко Н.П. _gМ-во здравоохранения РФ, Воронеж. гос. мед. акад. им. Н.Н. Бурденко |
|
| 210 |
_aВоронеж _cБ.и. _d2003 |
||
| 215 |
_a112 с. _cил. _d21 |
||
| 320 | _aБиблиогр.: с. 108 | ||
| 606 | 0 |
_aСтатистические методы в медицине _jРуководства, пособия и т.п. _91581215 _3RU\NLR\auth\66693957 |
|
| 606 | 0 |
_aМедицина _jУчебные издания для высших учебных заведений _xСтатистические методы _92161209 _3RU\NLR\auth\661300654 |
|
| 686 | _aР.в647я73 | ||
| 701 | 1 |
_4070 _8rus _7ca _aЧернов _bВ. И. _cд-р мед. наук, мед. информатика _gВиктор Иванович _3RU\NLR\auth\7739216 _922200 |
|
| 701 | 1 |
_aЕсауленко _bИ. Э. _4070 |
|
| 701 | 1 |
_4070 _8rus _7ca _aСеменов _bС. Н. _cканд. мед. наук _gСергей Николаевич _3RU\NLR\auth\7744657 _927597 |
|
| 701 | 1 |
_aСереженко _bН. П. _4070 |
|
| 801 | 0 |
_aRU _bNLR _c20031218 _gPSBO |
|
| 801 | 1 |
_aRU _bNLR _c20031218 |
|
| 942 | _cBOOK | ||
| 980 | _aNB | ||